000 01191cam a2200325 a 4500
001 3906146
003 ARRUPE
005 20160330114928.0
008 910801s1991 mau b 000 0 eng
010 _a 91026160
020 _a1852302852 :
_c$11.95 U.S.
040 _aDLC
_cDLC
_dDLC
043 _an-us-ny
050 0 0 _aBX2350.2
_b.C72 1992
082 0 0 _a248.4/82
_220
100 1 _aCronin, Kevin,
_cFather.
_91109
245 1 0 _aKenosis :
_bemptying self and the path of Christian service /
_cKevin Cronin.
246 3 0 _aEmptying self and the path of Christian service
260 _aNew York. :
_bContinuum,
_c1992
300 _a116 p. ;
_c22 cm.
504 _aIncludes bibliographical references.
600 1 0 _aCronin, Kevin,
_cFather.
_91109
650 0 _aChristian life
_xCatholic authors.
_923483
650 0 _aSelf-denial.
_923484
650 0 _aService (Theology)
_923485
650 0 _aChurch work with the poor
_zNew York (State)
_zNew York.
_923486
906 _a7
_bcbc
_corignew
_d1
_eocip
_f19
_gy-gencatlg
942 _2lcc
_cMONOGRAPH
999 _c124512
_d124512